Disney movies from the Voice Actor - Statistics

General Stats
  • This quiz has been taken 8 times
  • The average score is 13 of 30
Answer Stats
Hint Answer Year % Correct
Angela Lansbury Beauty and the Beast 1991
88%
Robin Williams Aladdin 1992
75%
Kurt Russell The Fox and the Hound 1981
75%
Nathan Lane The Lion King 1994
75%
Wallace Shawn Toy Story 1995
75%
Eddie Murphy Mulan 1998
63%
Billy Joel Oliver & Company 1988
63%
Owen Wilson Cars 2006
50%
Willem Dafoe Finding Nemo 2003
50%
Danny Devito Hercules 1997
50%
Christian Bale Pocahontas 1995
50%
Michael J. Fox Atlantis: The Lost Empire 2001
38%
Emma Thompson Brave 2012
38%
Joaquin Phoenix Brother Bear 2003
38%
Nicole Scherzinger Moana 2016
38%
Steve Buscemi Monsters, Inc. 2001
38%
Graham Norton Soul 2020
38%
Patrick Warburton The Emperors New Groove 2000
38%
Demi Moore The Hunchback of Notre Dame 1996
38%
Samuel L. Jackson The Incredibles 2004
38%
Christopher Plummer Up 2009
38%
Christopher Lloyd Anastasia 1997
25%
John Travolta Bolt 2008
25%
Judi Dench Home on the Range 2004
25%
Glenn Close Tarzan 1999
25%
Joseph Gordon-Levitt Treasure Planet 2002
25%
Chris Pine Wish 2023
25%
Shakira Zootopia 2016
25%
Miriam Margolyes James and the Giant Peach 1996
13%
Tom Selleck Meet the Robinsons 2007
13%
No matching quizzes found
Score Distribution
Percent of People with Each Score
Percentile by Number Answered
Your Score History
You have not taken this quiz